000 00734cam a2200265 4500500
005 20260405001507.0
041 _afre
042 _adc
100 1 0 _aLegros, Martin
_eauthor
245 0 0 _aMatière à penser / Juin 2013
260 _c2013.
500 _a63
690 _aAvital Ronell
690 _aÉmigration
690 _ahopi
690 _aHumour
690 _aJean-Marc Ayrault
690 _aJérôme Batout
690 _aLe Prince
690 _aMorale
690 _aObsolescence programmée
690 _aOgien
786 0 _nPhilosophie magazine | 70 | 6 | 2013-06-01 | p. 2-2 | 1951-1787
856 4 1 _uhttps://shs.cairn.info/magazine-philosophie-magazine-2013-6-page-2?lang=fr&redirect-ssocas=7080
999 _c2048256
_d2048256